Análisis de los 10 puntos de accidentes de tránsito más críticos del distrito i de Managua

El estudio presenta un estudio técnico sobre los accidentes de tránsito en los 10 lugares de mayor ocurrencia en el Distrito I, comprendido entre los años 2014 – 2018 según la base de datos de la Policía Nacional con el objeto de proponer acciones que reduzcan la accidentalidad en estos lugare...

Full description

Bibliographic Details
Main Authors: Tapia Peña, Jasson Antonio, Mayen Guido, Igdalí Elieth
Other Authors: Tutor: Vega Mayorga, Freddy A..
Format: Tesis Section = Libro
Language:Undetermined
Spanish
Published: Managua UNI 2019
Subjects:
LEADER 01109nam a2200253Ia 4500
008 240830s9999 xx 000 0 und d
040 |a BIBLIOTECA-RUPAP Mon 363.1251 T172 
041 |a spa 
082 |a Mon 363.1251 T172 
100 1 |a Tapia Peña, Jasson Antonio 
100 1 |b Mayen Guido, Igdalí Elieth 
245 1 0 |a Análisis de los 10 puntos de accidentes de tránsito más críticos del distrito i de Managua 
260 |a Managua  |b UNI  |c 2019 
300 |a 86 p. :il. 
500 |a Contiene: anexos y CD. 
502 |a Tesis (Ingeniero Civil)- UNI, 2019. 
520 3 |a El estudio presenta un estudio técnico sobre los accidentes de tránsito en los 10 lugares de mayor ocurrencia en el Distrito I, comprendido entre los años 2014 – 2018 según la base de datos de la Policía Nacional con el objeto de proponer acciones que reduzcan la accidentalidad en estos lugares. 
650 7 |a ACCIDENTES DE TRANSITO-MANAGUA 
650 7 |b INGENIERIA DE TRANSITO 
650 7 |c SEÑALES DE TRANSITO 
700 1 |a Tutor:  |b Vega Mayorga, Freddy A.. 
942 |c BK  |2 ddc 
991 |a TESIS 
999 |c 15554